<?xml version="1.0" encoding="UTF-8"?><?xml-stylesheet type="text/xsl" href="static/style.xsl"?><OAI-PMH xmlns="http://www.openarchives.org/OAI/2.0/" xmlns:xsi="http://www.w3.org/2001/XMLSchema-instance" xsi:schemaLocation="http://www.openarchives.org/OAI/2.0/ http://www.openarchives.org/OAI/2.0/OAI-PMH.xsd"><responseDate>2026-06-06T19:29:10Z</responseDate><request verb="GetRecord" identifier="oai:riuma.uma.es:10630/41015" metadataPrefix="marc">https://riuma.uma.es/rest/oai/request</request><GetRecord><record><header><identifier>oai:riuma.uma.es:10630/41015</identifier><datestamp>2026-02-03T11:22:52Z</datestamp><setSpec>com_10630_2254</setSpec><setSpec>col_10630_37953</setSpec></header><metadata><record xmlns="http://www.loc.gov/MARC21/slim" xmlns:dcterms="http://purl.org/dc/terms/" xmlns:doc="http://www.lyncode.com/xoai" xmlns:xsi="http://www.w3.org/2001/XMLSchema-instance" xsi:schemaLocation="http://www.loc.gov/MARC21/slim http://www.loc.gov/standards/marcxml/schema/MARC21slim.xsd">
   <leader>00925njm 22002777a 4500</leader>
   <datafield ind2=" " ind1=" " tag="042">
      <subfield code="a">dc</subfield>
   </datafield>
   <datafield ind2=" " ind1=" " tag="720">
      <subfield code="a">López Gómez, Sara</subfield>
      <subfield code="e">author</subfield>
   </datafield>
   <datafield ind2=" " ind1=" " tag="260">
      <subfield code="c">2024</subfield>
   </datafield>
   <datafield ind2=" " ind1=" " tag="520">
      <subfield code="a">La  región  amazónica  enfrenta  múltiples  desafíos  ambientales,  socioeconómicos  y  humanitarios  debido  a  la  deforestación,  minería  ilegal  y  conflicto  armado,  afectando  especialmente  a  comunidades  indígenas  y  afrodescendientes.  Este  estudio  de  caso  utiliza  análisis  de  contenido  para  evaluar  cómo  los  procesos  comunicativos  del  Grupo  Comunicarte,  específicamente  el  proyecto  “En  la  Onda  del  Cuidado  del  Amazonas”,  sirven  como  alternativa  a  los  medios  tradicionales  y  promueven  la  defensa  de  la  Amazonía.  Se  analizaron  7  series  radiales,  utilizando  seis  categorías  de  análisis:  (1)  Prealimentación  o  diagnóstico,  (2)  Participación social, (3) Elementos culturales autóctonos, (4) Problematización, acción, (5) Colectivos en riesgo de exclusión social y (6) Resiliencia. Los resultados muestran una estructura educomunicativa y comunitaria que incluye talleres de periodismo ambiental, la emisión de contenidos pedagógicos sobre la Amazonía y el establecimiento  de  redes  de  emisoras  comunitarias  a  lo  largo  de  la  región  Panamazónica.  Como  estrategia  discursiva, la Amazonía es propuesta como un bien ancestral del que surgen todo un entramado de saberes y  referentes  de  la  cosmogonía  y  cultura  amazónica  andina  que  deben  ser  preservados;  la  Amazonía  como  fuente de mitos y sabiduría popular, así como fuente de sanación y variedad gastronómica. Las series radiales abordan la variedad territorial, étnica y cultural de más de 60 pueblos indígenas de Brasil, Colombia, Bolivia, Perú, Ecuador y Venezuela que conforman la región Panamazónica. Se concluye que esta iniciativa establece un precedente de buenas prácticas en el trabajo con grupos minorizados y problemáticas socioambientales en  América  Latina,  e  inspira  otras  propuestas  de  comunicación  enfocadas  en  la  diversidad  y  biodiversidad  como  argumento  para  la  defensa  medioambiental.</subfield>
   </datafield>
   <datafield ind1="8" ind2=" " tag="024">
      <subfield code="a">López-Gómez S. (2024). Educomunicación para la preservación de la Amazonía. Estudio de caso Grupo Comunicarte, Colombia. Revista Española de Desarrollo y Cooperación, 51(2), 263-276. https://doi.org/10.5209/redc.94974</subfield>
   </datafield>
   <datafield ind1="8" ind2=" " tag="024">
      <subfield code="a">https://hdl.handle.net/10630/41015</subfield>
   </datafield>
   <datafield ind1="8" ind2=" " tag="024">
      <subfield code="a">10.5209/redc.94974</subfield>
   </datafield>
   <datafield tag="653" ind2=" " ind1=" ">
      <subfield code="a">Medio ambiente - En los medios de comunicación social</subfield>
   </datafield>
   <datafield tag="653" ind2=" " ind1=" ">
      <subfield code="a">Pueblos indígenas- Amazonas (Región)</subfield>
   </datafield>
   <datafield tag="653" ind2=" " ind1=" ">
      <subfield code="a">Amazonas (Región) - En los medios de comunicación social</subfield>
   </datafield>
   <datafield ind2="0" ind1="0" tag="245">
      <subfield code="a">Educomunicación para la preservación de la Amazonía. Estudio de caso Grupo Comunicarte, Colombia</subfield>
   </datafield>
</record>
</metadata></record></GetRecord></OAI-PMH>